000 00660nam a2200205Ii 4500
003 JO-AjNU
008 230605s9999||||xx |||||||||||||| ||und||
040 _aJO-AjNU
_bara
_erda
_cJO-AjNU
041 _aara
050 1 4 _aBF637.C6.F5642.1997
100 3 _aالفقي، حامد عبد العزيز,
_eauthor
_938255
245 0 0 _aمدخل في الإرشاد النفسي
250 _aط3
264 3 1 _aالكويت:دار القلم للنشر والتوزيع ،1997
300 _a104ص
336 _atext
_btxt
_2rdacontent
337 _aunmediated
_bn
_2rdamedia
338 _avolume
_bnc
_2rdacarrier
650 4 _aالارشاد النفسي
_938256
999 _aA16057
_c19625
_d19625